Focus (Record no. 82923)
[ view plain ]
| 000 -LEADER | |
|---|---|
| fixed length control field | 01434cad a22002295a 4500 |
| 001 - CONTROL NUMBER | |
| control field | L152265 |
| 008 - FIXED-LENGTH DATA ELEMENTS--GENERAL INFORMATION | |
| fixed length control field | 110215e20110212xxk 000 0 eng d |
| 035 ## - SYSTEM CONTROL NUMBER | |
| System control number | (Sirsi) u152265 |
| 041 0# - LANGUAGE CODE | |
| Language code of text/sound track or separate title | eng |
| 100 1# - MAIN ENTRY--PERSONAL NAME | |
| Personal name | Norman, Paul |
| 245 00 - TITLE STATEMENT | |
| Title | Focus |
| Medium | Surrey |
| 260 ## - PUBLICATION, DISTRIBUTION, ETC. | |
| Date of publication, distribution, etc. | 2011 |
| 490 ## - SERIES STATEMENT | |
| Series statement | Estates Gazette |
| Volume/sequential designation | (1106) 12 February 2011, 83-91(8) |
| 520 ## - SUMMARY, ETC. | |
| Summary, etc. | Discusses how the formation of the Coast-to-Capital Local Enterprise Partnership between Croydon Council, Brighton and Hove Council, the Gatwick Diamond business area and West Sussex County Council will affect future development in Croydon. Retail development schemes in the pipeline include reconfigeration of Allders Department store in the Whitgift Centre in Croydon centred around Allders continuing to occupy half of the existing space and the creation of new retail units whilst plans to extend the Friary Centre Guildford have been put on hold. A round up on take up, availability and rents for offices, industrial and retail in Camberley, Croydon, Epsom, Guildford, Leatherhead, Weybridge and Woking. |
| 590 ## - LOCAL NOTE (RLIN) | |
| Local note | KA |
| 651 #4 - SUBJECT ADDED ENTRY--GEOGRAPHIC NAME | |
| Geographic name | United Kingdom |
| 690 ## - LOCAL SUBJECT ADDED ENTRY--TOPICAL TERM (OCLC, RLIN) | |
| Topical term or geographic name as entry element | PROPERTY-COMMERCIAL PROPERTY-COMMERCIAL PROPERTY MARKET |
| 700 1# - ADDED ENTRY--PERSONAL NAME | |
| Personal name | Simmons, Mark |
| 700 1# - ADDED ENTRY--PERSONAL NAME | |
| Personal name | Meadwell, Stacey, |
| 856 41 - ELECTRONIC LOCATION AND ACCESS | |
| Uniform Resource Identifier | <a href="https://cde.cerosmedia.com/1Z4d5a5e90b9b0a012.cde">https://cde.cerosmedia.com/1Z4d5a5e90b9b0a012.cde</a> |
| Public note | https://cde.cerosmedia.com/1Z4d5a5e90b9b0a012.cde View this item free of charge at www.cde.cerosmedia.com |
| 942 ## - ADDED ENTRY ELEMENTS (KOHA) | |
| Suppress in OPAC | 0 |
| Source of classification or shelving scheme | Dewey Decimal Classification |
| Withdrawn status | Lost status | Source of classification or shelving scheme | Damaged status | Not for loan | Home library | Current library | Shelving location | Date acquired | Total Checkouts | Full call number | Barcode | Date last seen | Copy number | Price effective from | Koha item type |
|---|---|---|---|---|---|---|---|---|---|---|---|---|---|---|---|
| Dewey Decimal Classification | London | London | Journal article | 16/02/2011 | ONLINE PUBLICATION | 152265-4001 | 06/08/2019 | 1 | 06/08/2019 | Journal article | |||||
| Dewey Decimal Classification | Virtual | Virtual | Online | 15/02/2011 | ONLINE PUBLICATION | 152265-2001 | 06/08/2019 | 1 | 06/08/2019 | Journal article |